Návrh informačného systému pre firmu zaoberajúcu sa BOZP a PO školeniami

Salvato in:
Dettagli Bibliografici
Autore principale: Kolenčík, Patrik (Autore)
Altri autori: Kebísek, Michal (Relatore della tesi)
Natura: Manoscritto Libro
Lingua:slovacco
Pubblicazione: 2025
Soggetti:
Accesso online:http://is.stuba.sk/zp/portal_zp.pl?podrobnosti=191740
Tags: Aggiungi Tag
Nessun Tag, puoi essere il primo ad aggiungerne!!

MARC

LEADER 00000ntm a22000003a 4500
001 stuzp102096
003 SK-STU
005 20250614210952.6
007 ta
008 150427s2015----xo-----f-mn---000-0-slo-d
040 |a STU  |b slo 
041 0 |a slo 
100 1 |a Kolenčík, Patrik  |u 066000  |4 aut  |U MTF Materiálovotechnologická fakulta  |T MTF Ústav aplikovanej informatiky, automatizácie a mechatroniky  |X 97175  |U M6000  |Y 86  |7 97175 
242 0 1 |a Proposal of information system for a company dealing with BOZP and PO training  |y eng 
245 1 0 |a Návrh informačného systému pre firmu zaoberajúcu sa BOZP a PO školeniami 
260 |c 2025 
650 4 |a PHP  |2 eng 
650 4 |a MySQL  |2 eng 
650 4 |a UML  |2 eng 
650 4 |a information system  |2 eng 
650 4 |a MySQL  |2 slo 
650 4 |a UML  |2 slo 
650 4 |a informačný systém  |2 slo 
650 4 |a PHP  |2 slo 
700 1 |a Kebísek, Michal  |u 066000  |k Z1  |4 ths  |U MTF Materiálovotechnologická fakulta  |T MTF Ústav aplikovanej informatiky, automatizácie a mechatroniky  |X 2798  |U M6000  |Y 86  |7 A000002798 
856 4 |u http://is.stuba.sk/zp/portal_zp.pl?podrobnosti=191740 
996 |c M* DP-15574  |l MMSKP  |s P  |a 0  |w stuzp102096_0001